| 000 | 00439nam a2200157Ia 4500 | ||
|---|---|---|---|
| 005 | 20250423100256.0 | ||
| 008 | 250422s9999 xx 000 0 und d | ||
| 020 | _a9780955501753 | ||
| 050 | _aBP 80 .G8 .M87/ | ||
| 245 | 0 | _aMuslim world in transition: contribution of the Gulen movement: conference proceedings | |
| 260 | _aLondon | ||
| 260 | _bLeeds Metropolitan University Press | ||
| 260 | _c2007 | ||
| 300 | _a754 p | ||
| 942 | _cBK | ||
| 999 |
_c32813 _d32813 |
||